000 00713nam a22002417a 4500
003 UA-OsUOA
001 68932
007 ta
008 20100526b un ||||| |||| 00| 0 ukr d
100 _aПокотило К. С.
700 _aКорольова Л. Й.
090 _a811.161.2
_bП48
942 _cBK
040 _aUA-OsUOA
_bukr
_cUA-OsUOA
_dUA-OsUOA
245 _aУкраїнська мова
_bНавчальний посібник
300 _a192 с.
955 _a2
041 _aukr
080 _a811.161.2
260 _aСімферополь
_c1997
650 7 _a8 Мовознавство. Художня література. Літературознавство
_2UDC
999 _c355204
_d355204